Special functions and complex variables : (Record no. 48165)

MARC details
000 -LEADER
fixed length control field 01877cam a2200349 a 4500
005 - DATE AND TIME OF LATEST TRANSACTION
control field 20031230185550.0
008 - FIXED-LENGTH DATA ELEMENTS--GENERAL INFORMATION
fixed length control field 940308s1993 enkab b 001 0 eng
010 ## - LCCN (DPL NO)
LC control number ENG-101606 B-431106-109
020 ## - INTERNATIONAL STANDARD BOOK NUMBER
Terms of availability 295.00
International Standard Book Number 9788120341937
035 ## - SYSTEM CONTROL NUMBER
System control number EN-85139 B-431106-109
037 ## - SOURCE OF ACQUISITION
Source of stock number/acquisition DBAD/PUB
037 ## - SOURCE OF ACQUISITION
Source of stock number/acquisition Allied Pub/Ven
040 ## - CATALOGING SOURCE
Original cataloging agency dpl
Language of cataloging Eng
082 ## - DEWEY DECIMAL CLASSIFICATION NUMBER
Classification number 620.00151
100 1# - MAIN ENTRY--PERSONAL NAME
9 (RLIN) 22405
Personal name Bathul, Shahnaz
245 10 - TITLE STATEMENT
Title Special functions and complex variables :
Statement of responsibility, etc by Shahnaz Bathul
Remainder of title engineering mathematics III /
250 ## - EDITION STATEMENT
Edition statement 2nd ed
260 ## - PUBLICATION, DISTRIBUTION, ETC. (IMPRINT)
Place of publication, distribution, etc New Delhi
Name of publisher, distributor, etc PHI Learning
Date of publication, distribution, etc 2010
270 ## - ADDRESS
Address M-97, Connaught Circus,
City New Delhi
Postal code 110001
300 ## - PHYSICAL DESCRIPTION
Extent x,525p.
Dimensions 24cm (pbk)
500 ## - GENERAL NOTE
General note Includes index
650 #0 - SUBJECT ADDED ENTRY--TOPICAL TERM
9 (RLIN) 22448
651 ## - SUBJECT ADDED ENTRY--GEOGRAPHIC NAME
9 (RLIN) 22481
700 ## - ADDED ENTRY--PERSONAL NAME
9 (RLIN) 22431
942 ## - ADDED ENTRY ELEMENTS (KOHA)
Source of classification or shelving scheme Dewey Decimal Classification
Item type English Books
Call number suffix BAT
Classification part 620.00151
Holdings
Withdrawn status Lost status Source of classification or shelving scheme Damaged status Not for loan Collection code Home library Current library Date acquired Source of acquisition Cost, normal purchase price Total Checkouts Full call number Barcode Date last seen Copy number Cost, replacement price Koha item type
    Dewey Decimal Classification     Non-fiction Central Library Central Library 06/06/2011 Allied Pub/2961/29.3.11/85/24.3.11/31.3.11 295.00 1 620.00151 BAT B-431106 13/10/2019 1 295.00 English Books
    Dewey Decimal Classification   Not For Loan Non-fiction D.B.Act.Division D.B.Act.Division 05/10/2010 DBAD/PUB 295.00   620.00151 BAT EN-85139 05/10/2010 1 295.00 English Books
    Dewey Decimal Classification     Non-fiction Patel Nagar Patel Nagar 06/06/2011 Allied Pub/2961/29.3.11/85/24.3.11/31.3.11 295.00 1 620.00151 BAT B-431107 06/01/2020 1 295.00 English Books
    Dewey Decimal Classification     Non-fiction Sarojini Nagar Sarojini Nagar 06/06/2011 Allied Pub/2961/29.3.11/85/24.3.11/31.3.11 295.00   620.00151 BAT B-431108 06/06/2011 1 295.00 English Books
    Dewey Decimal Classification     Non-fiction Shahdara Branch Shahdara Branch 06/06/2011 Allied Pub/2961/29.3.11/85/24.3.11/31.3.11 295.00 1 620.00151 BAT B-431109 27/01/2023 1 295.00 English Books

© Delhi Public Library
Hit Counter
free hit counter